عرض عادي
عرض مارك
- Congenital Abnormalities.
مدخل مصطلح موضوعي
001 - رقم الضبط
- حقل الضبط: 19510
003 - معرف رقم الضبط
- حقل الضبط: OSt
005 - تاريخ ووقت أخر عملية
- حقل الضبط: 20130111161243.0
008 - عناصر بيانات ثابتة الطول
- حقل تحكم ثابت الطول: 130111|||a|||||| | ||| d
040 ## - مصدر الفهرسة
- هيئة الفهرسة الأصلية: OSt
- وكالة الكتابة: OSt
150 ## - مدخل-- مصطلح تاريخي
- عنصر مدخل المصطلح الموضوعي او الاسم الجغرافي: Congenital Abnormalities.
670 ## - بيانات المصدر موجوده
- الاستشهاد بالمصدر: Work cat.: (OSt)0: Sadler, T. W. (Thomas W.) 19507, Langman's medical embryology., c2012.
